Mathematical foundations of computer science 1977. Proc.. 6th symp. : Konf. Tatranská Lomnica, 5.- 9. Sept. 1977 /
Saved in:
| Other Authors: | |
|---|---|
| Format: | Book |
| Language: | English |
| Published: |
Berlin :
Springer Verlag,
1977
|
| Series: | Lecture Notes in Computer Science
53 |
| Tags: |
No Tags, Be the first to tag this record!
|
MARC
| LEADER | 00000nam a22000003a 4500 | ||
|---|---|---|---|
| 001 | stu586 | ||
| 005 | 20150617225618.0 | ||
| 008 | 910611s1977----gw------------------eng-d | ||
| 040 | |a STU |b slo | ||
| 041 | 0 | |a eng | |
| 044 | |a gw | ||
| 080 | |a 681.3(08) | ||
| 080 | |a 061.3(437.67) | ||
| 100 | 1 | |a Gruska, Jozef |4 com | |
| 245 | 1 | |a Mathematical foundations of computer science 1977. Proc.. 6th symp. : |b Konf. Tatranská Lomnica, 5.- 9. Sept. 1977 / |c Edit.: Gruska,J | |
| 260 | |a Berlin : |b Springer Verlag, |c 1977 | ||
| 300 | |a 595 s | ||
| 830 | 0 | |a Lecture Notes in Computer Science |v 53 | |
| 996 | |c I*Z4476 |l I |s A |a 24 |w stu586_0001 | ||